01848 2200337 4500001002100000005001500021035002000036007000300056008004100059020001800100082001500118084002100133100003200154245016300186250002000349300003900369700002600408700002600434502080800460600002201268600002301290264004301313336002101356337003001377338002301407990001601430990001601446990001601462990001601478990001601494INLIS00000000000029520260430020944 a0010-0426000294ta260430 b 0 ind  a9786231356765 a306.095598 a306.095598 MAT s0 aMatthew SenangsaePengarang1 aSerial ragam pesona Nusantara Banyuwangi : Dinda, si cantik dari Banyuwangi yang pandai menari /cMatthew Senangsa ; editor, Tim hikam ; ilustrator, Tim hikam aCetakan Pertama a32 halaman :bilustrasi ;c23,5 cm0 aTim hikamePenyunting0 aTim hikameIlustrator aDewasa ini kesadaran dari putra-putri komponen anak bangsa mulai terkikis dan teralihkan ke visual digital pesawat genggam, budaya dan alam Nusantara yang seharusnya dilestarikan dan dijaga, menunjukkan indikasi ke arah yang semakin menurun. Bangsa Indonesia merupakan negara dengan beragam budaya dan kekayaan alam, budaya-budaya lokal yang ada di Nusantara muncul dan eksis terlebih dulu, sedangkan budaya bangsa muncul setelahnya. Kekayaan budaya dan Alam Nusantara ini menjadi situs budaya leluhur yang bernilai tinggi dan wajib diwariskan ke setiap generasi Bangsa. Dengan demikian, sudah seharusnya sebagai generasi Bangsa wajib menjaga dan melestraikannya supaya Budaya dan Alam Nusantara tersebut menjadi situs turun temurun bagi Bangsa ini. semoga menginspirasi bagi kita semua, salam literasi. 4aTarian Banyuwangi 4aBacaan kanak-kanak aYogyakarta :bHikam media utama,c2023 2rdacontentaTeks 2rdamediaaTanpa Perantara 2rdacarrieraVolume aAT000545/25 aNM000576/25 aPP000752/25 aPT000803/25 aPP000947/25